| Tag |
First Indicator |
Second Indicator |
Subfields |
| LEADER |
00000cam a2200000Ia 4500 |
| 001 |
in00002297635 |
| 005 |
20190326192821.0 |
| 006 |
m | d | |
| 007 |
cr |n||||||||n |
| 008 |
890130s1836 enk s 000 0 eng d |
| 040 |
|
|
|a NYG
|c GKR
|d OCL
|d Thomson Gale
|d UtOrBLW
|
| 043 |
|
|
|a e-uk-en
|a e-uk---
|
| 100 |
1 |
|
|a Cassels, W. G.
|q (Walter Gibson)
|
| 245 |
1 |
0 |
|a Remarks on the formation and working of banks called joint stock :
|b with observations on the policy and conduct of the Bank of England towards these establishments.
|
| 264 |
|
1 |
|a London :
|b E. Wilson,
|c 1836
|
| 264 |
|
3 |
|a [London] :
|b Crosland
|
| 336 |
|
|
|a text
|b txt
|2 rdacontent
|
| 337 |
|
|
|a computer
|b c
|2 rdamedia
|
| 338 |
|
|
|a online resource
|b cr
|2 rdacarrier
|
| 500 |
|
|
|a Half title: Remarks on banks called joint stock.
|
| 500 |
|
|
|a Reproduction of original from Kress Library of Business and Economics, Harvard University.
|
| 500 |
|
|
|a Goldsmiths'-Kress number 29462.
|
| 510 |
4 |
|
|a OCLC,
|c 19081435
|
| 533 |
|
|
|a Electronic reproduction.
|b Farmington Hills, Mich. :
|c Thomson Gale,
|d 2005.
|f (The making of the modern world).
|n Available via the World Wide Web.
|n Access limited to licensing agreements.
|7 s2005 miunns
|
| 500 |
|
|
|a Electronic resource.
|
| 610 |
2 |
0 |
|a Bank of England.
|
| 650 |
|
0 |
|a Banks and banking
|z Great Britain.
|
| 650 |
|
0 |
|a Stock companies
|z England.
|
| 655 |
|
0 |
|a Electronic books.
|
| 740 |
0 |
|
|a Remarks on banks called joint stock.
|
| 830 |
|
0 |
|a Making of the modern world (Goldsmiths'-Kress Library of Economic Literature)
|
| 856 |
4 |
0 |
|u http://proxy.library.tamu.edu/login?url=http://galenet.galegroup.com/servlet/MOME?af=RN&ae=U105483196&srchtp=a&ste=14&locID=txshracd2898
|z Connect to the full text of this electronic book
|t 0
|
| 999 |
|
|
|a MARS
|
| 999 |
f |
f |
|s e7d0c732-bcd2-3754-9934-5e3f412bb3d2
|i 39e7958b-fea2-3f37-b255-a5606a3ade16
|t 0
|
| 952 |
f |
f |
|a Texas A&M University
|b College Station
|c Electronic Resources
|d Available Online
|t 0
|h No information provided
|
| 998 |
f |
f |
|t 0
|l Available Online
|